000 00328nam a2200109Ia 4500
008 200302s9999 xx 000 0 und d
100 _aPhilipp Meuser
245 _aConstruction and Design Manual Hospitals and Health Centres 2 Specialist Clinics and Medical
260 _bDom Publishing Co.,
260 _c2011
300 _a367 P.,
999 _c3161
_d3161